000 00733nam a2200265 i 4500
001 C2-0293645
003 PPAK
005 20180728025447.0
008 090202s2008 xxca|||| ||||| | eng d
020 _a9780778733188
040 _aPPAK
_beng
_cPPAK
_erda
082 0 4 _a535.6
_223
090 0 0 _a535.6
_bKAL
_dRK
100 1 _aKalman, Bobbie,
_eauthor
245 1 0 _aWhat color is it?
264 1 _aCanada :
_bCrabtree Publishing ,
_c2008
300 _a24 pages :
_bcolour illustrations ;
_c24 cm
336 _2rdacontent
_atext
337 _2rdamedia
_aunmediated
338 _2rdacarrier
_avolume
490 1 _aLooking at nature
650 1 0 _aColors - Juvenile literature.
830 0 _aLooking at nature
942 _ddc
_cB
999 _c98332
_d98332